| 000 | 00795nab a2200241 4500 | ||
|---|---|---|---|
| 003 | BR-BrBNA | ||
| 005 | 20240429171905.0 | ||
| 008 | 240429b bl.||||| |||| 00| 0 por d | ||
| 040 |
_aBR-BrBNA _bpor |
||
| 072 |
_aP40 ; H50 _b4230 |
||
| 100 | _aRibeiro, Marco Valério | ||
| 245 |
_aGeadas em junho provocam prejuízos aos pomares do sudoeste _bClima |
||
| 500 | _a5 illus. | ||
| 650 | _aCITRICULTURA | ||
| 650 | _aPOMAR | ||
| 650 | _aGEADA | ||
| 650 | _aDANO PELO FRIO | ||
| 650 | _aDISTÚRBIO | ||
| 650 | _aCLIMATOLOGIA | ||
| 773 | 0 |
_04769 _9314649 _dBebedouro - SP Grupo Técnico de Assistência e Consultoria em Citrus 2001 _o2024-0901 _tCiência e Pratica (Brazil) _gv. 11(42) p. 9-10; (Jul-Sep 2011) _wBR2024000918 |
|
| 942 | _cAnalítica | ||
| 999 |
_c299382 _d299382 |
||